Szczegóły MARC21

Nie tylko logotyp : wyróżnienie i przynależność w biznesie /

003 -Nazwa inst., której nr kontr. jest w polu 001 [,]
    • @
    • Nazwa instytucji, której n kontrolny jest w polu 001
    • NUKAT
005 -DATA I CZAS OSTATNIEJ MODYFIKACJI [,]
    • @
    • pole kontrolne
    • 20241231085544.0
020 -Międzynarod. znormalizowany nr książki - ISBN [ , ]
    • a
    • Numer ISBN
    • 8389073579 Find
040 -Instytucja sporządzająca opis [ , ]
    • a
    • Instytucja, która sporządziła opis (NP)
    • KR 93/MD
    • c
    • Instytucja, która sporządziła rekord (NP)
    • KR 93/MD
    • d
    • Instytucja, która zmodyfikowała rekord (P)
    • KR 93/ZP
    • d
    • Instytucja, która zmodyfikowała rekord (P)
    • KR 93/MSs
    • d
    • Instytucja, która zmodyfikowała rekord (P)
    • KR 93/MKs
    • d
    • Instytucja, która zmodyfikowała rekord (P)
    • WA LAZ/JF
    • d
    • Instytucja, która zmodyfikowała rekord (P)
    • WA LAZ/AZ
041 -Język dokumentu [0, ]
    • a
    • Język tekstu (P)
    • polski
    • b
    • Język streszczeń lub abstraktu (P)
    • angielski
942 -Rodzaj dokumentu [ , ]
    • c
    • Rodzaj dokumentu
    • Książka
100 -Hasło główne - nazwa osobowa [1, ]
    • a
    • Nazwa osobowa (NP)
    • Nikodemska-Wołowik, Anna Maria.
    • 9
    • KHW
    • 698662
245 -Strefa tytułu i oznaczenia odpowiedzialności [1,0]
    • a
    • Tytuł
    • Nie tylko logotyp : Find
    • b
    • Ciąg dalszy tytułu (NP)
    • wyróżnienie i przynależność w biznesie / Find
    • c
    • Pozostałe elementy strefy tytułu i oznaczenia odpowiedzialności (NP)
    • Anna M. Nikodemska-Wołowik, Tadeusz II P. Górski, Mirosław Wołowik.
260 -Strefa adresu wydawniczego [ , ]
    • a
    • Miejsce wydania (P)
    • Bydgoszcz ;
    • a
    • Miejsce wydania (P)
    • Gdańsk :
    • b
    • Nazwa wydawcy (P)
    • Oficyna Wydawnicza Branta,
    • c
    • Data wydania (P)
    • 2004.
300 -Strefa opisu fizycznego [ , ]
    • a
    • Określenie formy książki i/lub objętość (NP)
    • 151 s. :
    • b
    • Oznaczenie ilustracji (NP)
    • il. ;
    • c
    • Format (NP)
    • 24x24 cm.
336 -Typ zawartości [ , ]
    • a
    • Termin opisujący typ zawartości
    • Tekst
    • b
    • Kod określający zawartość
    • txt
    • 2
    • Źródło (terminu i kodu)
    • rdacontent
337 -Typ mediów [ , ]
    • a
    • Tryb odtwarzania
    • Bez urządzenia pośredniczącego
    • b
    • Kod typu mediów
    • n
    • 2
    • Źródło (terminu i kodu)
    • rdamedia
338 -Typ/rodzaj nośnika [ , ]
    • a
    • Hasło opisujące typ nośnika
    • Wolumin
    • b
    • Kod typu nośnika
    • nc
    • 2
    • Źródło (terminu i kodu)
    • rdacarrier
504 -Uwaga dot. bibliogr. załącznikowej [ , ]
    • a
    • Uwaga dot. bibliografii załącznikowej
    • Bibliogr. s. 143-144.
546 -Uwaga dot. języka [ , ]
    • a
    • Uwaga dot. języka
    • Streszcz. ang.
080 -Uniwersalna Klasyfikacja Dziesiętna [ , ]
    • a
    • Symbol klasyfikacji
    • 347.77
    • 9
    • UKD
    • 3571
    • 2
    • Identyfikator wydania tablic
    • UDC-P058
    • b
    • Dopowiedzenie
    • Prawo własności przemysłowej. Wynalazki. Patenty. Prawo wynalazcze. Prawo patentowe. Znaki towarowe.
080 -Uniwersalna Klasyfikacja Dziesiętna [ , ]
    • a
    • Symbol klasyfikacji
    • :339.138
650 -Hasło przedmiotowe [ ,7]
    • a
    • Hasło przedmiotowe
    • Wizerunek przedsiębiorstwa.
    • 2
    • Źródło terminu
    • kaba
    • 9
    • KHW
    • 145012
650 -Hasło przedmiotowe [ ,7]
    • a
    • Hasło przedmiotowe
    • Znaki handlowe.
    • 2
    • Źródło terminu
    • kaba
    • 9
    • KHW
    • 137891
650 -Hasło przedmiotowe [ ,7]
    • a
    • Hasło przedmiotowe
    • Logo.
    • 2
    • Źródło terminu
    • kaba
    • 9
    • KHW
    • 117666
980 -Symbol UKD [ , ]
    • a
    • UKD
    • 347.77:339.138
700 -Hasło dodatkowe - nazwa osobowa [1, ]
    • a
    • Nazwa osobowa (NP)
    • Górski, Tadeusz II Piotr Find
    • d
    • Daty biograficzne (NP)
    • (1959- ).
    • 9
    • KHW
    • 702414
700 -Hasło dodatkowe - nazwa osobowa [1, ]
    • a
    • Nazwa osobowa (NP)
    • Wołowik, Mirosław. Find
    • 9
    • KHW
    • 702413
710 -Hasło dodatkowe - nazwa ciała zbiorowego [2, ]
    • a
    • Nazwa ciała zbiorowego lub nazwa geograficzna jako pierwszy element (NP)
    • Oficyna Wydawnicza Branta.
    • 4
    • Kod relacji
    • pbl
    • 9
    • KHW
    • 76902
856 -Dostęp do wersji elektronicznej [4,8]
    • 3
    • Wyszczególnienie materiału
    • Okładka
920 -ISBN [ , ]
    • a
    • ISBN
    • 83-89073-57-9 Find
Sygnatura Numer inwentarzowy Status udost. Lokalizacja Data inwentaryzacji
 E.71825-2BE2009-04-02
T.8097T.8097-2T2004-07-22